Music Quiz

Random Music or Rock Quiz
Score 0/75 Timer 10:00
5 Plays Today
% Correct
Billie Jean
97.9%
Like A Virgin
94.1%
Man in the Mirror
91.7%
Jailhouse Rock
90.7%
Black or White
89.1%
Hotel California
88.6%
Like a Prayer
85.4%
Vogue
84.7%
I Kissed a Girl
83.1%
Stayin' Alive
82.4%
Crocodile Rock
80.2%
Bennie and the Jets
79.2%
Yesterday
77.2%
Superstition
76.2%
Are You Lonesome Tonight?
75.2%
Paint It, Black
74.4%
Umbrella
73.4%
I Just Called to Say I Love You
72.9%
Brown Sugar
71.5%
Firework
70.7%
Roar
70.5%
Dirty Diana
70.3%
Suspicious Minds
70.2%
Stop! In the Name of Love
69.5%
Night Fever
68.3%
Don't Go Breaking My Heart
68.1%
Baby Love
66.7%
Against All Odds
66.6%
She Loves You
66.6%
Rock with You
66.4%
Angie
66.1%
Paperback Writer
65.9%
You Are the Sunshine of my Life
64.9%
Ruby Tuesday
63.1%
Teenage Dream
62.7%
Get Back
60.9%
Disturbia
60.4%
Another Day in Paradise
60.1%
% Correct
Grenade
59.7%
You Should Be Dancing
59.4%
One of These Nights
55.2%
Locked Out of Heaven
54.7%
Always Be My Baby
54.7%
Heartache Tonight
54.2%
A Groovy Kind of Love
54%
It's Now or Never
54%
Only Girl (In the World)
53.7%
Philadelphia Freedom
52.8%
Crazy for You
51.9%
When I Was Your Man
51.3%
You Keep Me Hangin' On
49.1%
Just the Way You Are
49.1%
Where Did Our Love Go
48.7%
Sir Duke
48.2%
New Kid in Town
47.9%
We Found Love
47.8%
Hero
47.6%
One More Night
47.4%
Part-Time Lover
47.2%
Dreamlover
47%
I Feel Fine
46.9%
Fantasy
42.8%
Tragedy
42.6%
Best of My Love
40.8%
Vision of Love
40.7%
Live to Tell
39.4%
What's My Name?
34.7%
Island Girl
34.4%
Two Hearts
33.4%
Miss You
33%
I Hear a Symphony
32.5%
Nothin' on You
28.1%
Part of Me
27.2%
Too Much Heaven
25.4%
Stuck On You
16.2%
Remove Ads.
Support Sporcle.
Get the best of Sporcle when you Go Orange. This ad-free experience offers more features, more stats, and more fun while also helping to support Sporcle. Thank you for becoming a member.

You're not logged in!

Compare scores with friends on all Sporcle quizzes.
OR
Log In

Sporcle TV

Today on Sporcle TV


Watch our educational content, quiz creation guides, and fun videos on Sporcle TV.

Show Comments

Extras

Top Quizzes Today


Score Distribution

Paid Content

Your Account Isn't Verified!

In order to create a playlist on Sporcle, you need to verify the email address you used during registration. Go to your Sporcle Settings to finish the process.

Report this User

Report this user for behavior that violates our Community Guidelines.

Details: